Applied calculus / (Record no. 543719)

000 -LEADER
fixed length control field 00522nam a2200181 a 4500
020 ## - INTERNATIONAL STANDARD BOOK NUMBER
International Standard Book Number 0030761735
082 00 - DEWEY DECIMAL CLASSIFICATION NUMBER
Classification number 515
Author Mark BER
-- L-38 , P-188
100 1# - MAIN ENTRY--PERSONAL NAME
Personal name Berkey, Dennis D.
9 (RLIN) 39196
245 10 - TITLE STATEMENT
Title Applied calculus /
Statement of responsibility, etc. Dennis Berkey.
250 ## - EDITION STATEMENT
Edition statement 3rd ed.
260 ## - PUBLICATION, DISTRIBUTION, ETC.
Place of publication, distribution, etc. Fort Worth :
Name of publisher, distributor, etc. Saunders College Pub.,
Date of publication, distribution, etc. c1994.
300 ## - PHYSICAL DESCRIPTION
Extent xxii, 839, 52, 7 p. :
Other physical details ill. (some col.) ;
Dimensions 24 cm.
500 ## - GENERAL NOTE
General note Includes index.
526 ## - STUDY PROGRAM INFORMATION NOTE
Program name 0
Interest level 0
Reading level 0
Title point value 515_000000000000000_BER
650 #0 - SUBJECT ADDED ENTRY--TOPICAL TERM
Topical term or geographic name entry element Calculus.
650 #0 - SUBJECT ADDED ENTRY--TOPICAL TERM
Topical term or geographic name entry element MCE
9 (RLIN) 379
942 ## - ADDED ENTRY ELEMENTS (KOHA)
Source of classification or shelving scheme
Koha item type Book
Holdings
Withdrawn status Lost status Source of classification or shelving scheme Damaged status Not for loan Permanent Location Current Location Date acquired Total Checkouts Full call number Barcode Date last seen Date last checked out Price effective from Koha item type
          Military College of Engineering (MCE) Military College of Engineering (MCE) 03/31/2014 1 515 BER MCE-40431 04/19/2017 03/15/2017 03/31/2014 Book
© 2023 Central Library, National University of Sciences and Technology. All Rights Reserved.